Die Authentizität der synoptischen Worte Jesu
| Main Author: | |
|---|---|
| Format: | Print Article |
| Language: | German |
| Check availability: | HBZ Gateway |
| Interlibrary Loan: | Interlibrary Loan for the Fachinformationsdienste (Specialized Information Services in Germany) |
| Published: |
2006
|
| In: |
Das Studium des Neuen Testaments
Year: 2006, Pages: 291-311 |
| Standardized Subjects / Keyword chains: | B
New Testament
/ Method
|
| IxTheo Classification: | HC New Testament |
| Further subjects: | B
Synoptic Gospels
B Life of Jesus research |
MARC
| LEADER | 00000caa a22000002c 4500 | ||
|---|---|---|---|
| 001 | 1589496388 | ||
| 003 | DE-627 | ||
| 005 | 20210527113909.0 | ||
| 007 | tu | ||
| 008 | 190311s2006 xx ||||| 00| ||ger c | ||
| 020 | |a 9783765594304 | ||
| 035 | |a (DE-627)1589496388 | ||
| 035 | |a (DE-576)519496388 | ||
| 035 | |a (DE-599)BSZ519496388 | ||
| 040 | |a DE-627 |b ger |c DE-627 |e rakwb | ||
| 041 | |a ger | ||
| 084 | |a 1 |2 ssgn | ||
| 100 | 1 | |0 (DE-588)123258197 |0 (DE-627)082444560 |0 (DE-576)293625476 |4 aut |a Baum, Armin Daniel |d 1965- | |
| 109 | |a Baum, Armin Daniel 1965- |a Baum, Armin D. 1965- |a Baum, Armin 1965- | ||
| 245 | 1 | 4 | |a Die Authentizität der synoptischen Worte Jesu |
| 264 | 1 | |c 2006 | |
| 336 | |a Text |b txt |2 rdacontent | ||
| 337 | |a ohne Hilfsmittel zu benutzen |b n |2 rdamedia | ||
| 338 | |a Band |b nc |2 rdacarrier | ||
| 601 | |a Authentizität | ||
| 630 | 0 | 7 | |0 (DE-588)4078110-0 |0 (DE-627)106078348 |0 (DE-576)209207434 |a Bibel |p Synoptische Evangelien |2 gnd |
| 650 | 0 | 7 | |0 (DE-588)4114373-5 |0 (DE-627)105822647 |0 (DE-576)20948408X |a Leben-Jesu-Forschung |2 gnd |
| 652 | |a HC | ||
| 689 | 0 | 0 | |d u |0 (DE-588)4041771-2 |0 (DE-627)106217658 |0 (DE-576)209046724 |a Bibel |2 gnd |p Neues Testament |
| 689 | 0 | 1 | |d s |0 (DE-588)4038971-6 |0 (DE-627)106230158 |0 (DE-576)209032642 |2 gnd |a Methode |
| 689 | 0 | |5 (DE-627) | |
| 773 | 0 | 8 | |i In |t Das Studium des Neuen Testaments |b Aktualisierte und rev. Ausg. |d Wuppertal : Brockhaus [u.a.], 2006 |g (2006), Seite 291-311 |h 527 S. |w (DE-627)512956146 |w (DE-576)258781548 |z 3417294304 |z 376559430X |z 9783417294309 |z 9783765594304 |7 nnam |
| 773 | 1 | 8 | |g year:2006 |g pages:291-311 |
| 935 | |a BIIN | ||
| 951 | |a AR | ||
| BIB | |a 1 | ||
| ELC | |b 1 | ||
| ITA | |a 1 |t 1 | ||
| LOK | |0 000 xxxxxcx a22 zn 4500 | ||
| LOK | |0 001 3059469644 | ||
| LOK | |0 003 DE-627 | ||
| LOK | |0 004 1589496388 | ||
| LOK | |0 005 20190311211828 | ||
| LOK | |0 008 190311||||||||||||||||ger||||||| | ||
| LOK | |0 035 |a (DE-Tue135-1)169276 | ||
| LOK | |0 040 |a DE-Tue135-1 |c DE-627 |d DE-Tue135-1 | ||
| LOK | |0 852 |a DE-Tue135-1 | ||
| LOK | |0 852 1 |c FTHNT059064/BMA/2 |m p |9 00 | ||
| LOK | |0 852 2 |b N 34 |9 00 | ||
| LOK | |0 935 |a iSWA | ||
| LOK | |0 936ln |0 1442044136 |a HC | ||
| LOK | |0 938 |k p | ||
| LOK | |0 939 |a 11-03-19 |b l12 | ||
| ORI | |a SA-MARC-ixtheoa001.raw | ||
| STA | 0 | 0 | |a Life of Jesus research,Leben-Jesu-Forschung,Method |
| STB | 0 | 0 | |a Méthode,Recherche sur la vie de Jésus,Quête du Jésus historique,Quête du Jésus historique |
| STC | 0 | 0 | |a Búsqueda por el Jesús histórico,Método |
| STD | 0 | 0 | |a Metodo,Studi sulla vita di Gesù,Studi sul Gesù storico,Studi sul Gesù storico |
| STE | 0 | 0 | |a 历史耶稣的研究,历史耶稣的探索,耶稣生活的研究,方法,办法 |
| STF | 0 | 0 | |a 方法,辦法,歷史耶穌的研究,歷史耶穌的探索,耶穌生活的研究 |
| STG | 0 | 0 | |a Busca pelo Jesus histórico,Método |
| STH | 0 | 0 | |a Исследование жизни Христа,Метод |
| STI | 0 | 0 | |a Μέθοδος,Μελέτες για τη ζωή του Ιησού |
| SUB | |a BIB | ||
| SYD | 0 | 0 | |a Synoptische Evangelien,The Synoptic gospels,Ewangelie synoptyczne,Četyre Evangelija |
| SYE | 0 | 0 | |a Historische Jesus-Forschung,Historisch-kritische Jesus-Forschung |
| SYG | 0 | 0 | |a Centenary translation of the New Testament,Bibel,Neues Testament,Septembertestament,Das Newe Testament Deutzsch,Bibel,Septembertestament,Bibel,Die Botschaft Gottes,Greek New Testament,Greek New Testament,The Greek New Testament,GNT,Neues Testament,Novum Testamentum,Testamentum novum,Nor Ktakaran,Novijat Zavet,Novyj Zapovit,Das Neue Testament,Le Nouveau Testament,Il Nouv Testamaint,The New Testament,Nuevo Testamento,Novʹy Zákon,Novi Javjet,Novo Testamento,Novyj Zavet,Nowy Testament,Nowý Zákon,U`j Szövetség,U`j Testamentom,Die Heilige Schrift des Neuen Testaments,Det Ny Testamente,Det Nya Testamentet,Il Nuovo Testamento,Ds Nöie Teschtamänt,Hab-berit ha-ḥadaša,Sifrê hab-berit ha-ḥadaša,Niev Testament,Novum Testamentum Graece,The Greek New Testament,Novum Testamentum Graece et Latine,E Kainē diathēkē,al- ʿAhd al-ǧadīd li rabbinā wa muḫalliṣinā Yasūʿa ăl-masīḥ,al- ʿAhd al-ǧadīd,S@nöie Teschdamänt,Se Wsi Testamenti,Tèstamènt nobo,Mkpaman Elat,Bible,N.T.,Uus Testament , Methodik,Verfahren,Technik,Methoden |